000 00632nam a2200241Ia 4500
003 OSt
005 20220918192528.0
006 a|||||r|||| 00| 0
007 ta
008 220917b |||||||| |||| 00| 0 eng d
024 _a68,839
037 _cTextual
040 _aARTS
_cARTS
_beng
041 _2eng
_aeng
082 _aR3, L9
100 _aNagel Thomas
_977401
245 0 _aMortal questions
260 _aLondon
_bCambridge University Press UK
_c1979
300 _axiii,213p.
_ccm.
650 _aMETAPHYSICS; PHILOSOPHY
_921592
942 _hR3, L9
_cTEXL
_2CC
999 _c195010
_d195010